00281nam a2200109Ia 4500008004000000082001500040100002000055245003600075260003500111300001000146650001500156210210b1960 xxu||||| |||| 00| 0 eng d a925.8 BEAL aBEATY (John Y). aLuther Bur Bank plant magician. aN DbS. Chand & Co. Ltd.c1960 ax,153 aBotanist